000 00732cam a2200229 a 4500
001 13700313
005 20180129075254.0
008 040826r20051788nju 000 0 eng
010 _a 2004058203
040 _aDLC
_cDLC
041 _aeng
042 _apcc
043 _an-us---
080 _a342.7302
082 0 0 _a342.7302 HAM
_222
100 _a19
101 _aSHP
245 0 4 _aThe Federalist :
906 _a7
_bcbc
_corignew
_d1
_eocip
_f20
_gy-gencatlg
942 _2ddc
_cBK
999 _c41170
_d41170